African countries with the same first letter - Statistics

General Stats
  • This quiz has been taken 32 times
    20 since last reset
  • The average score is 44 of 50
Answer Stats
Hint Answer % Correct
A Algeria
100%
C Cameroon
100%
C Chad
100%
N Niger
100%
N Nigeria
100%
S South Africa
100%
B Benin
94%
E Egypt
94%
E Eritrea
94%
E Ethiopia
94%
G Ghana
94%
G Guinea
94%
G Guinea bissau
94%
L Liberia
94%
M Madagascar
94%
M Morocco
94%
N Namibia
94%
S South Sudan
94%
S Sudan
94%
Z Zimbabwe
94%
A Angola
88%
B Burkina Faso
88%
C Congo
88%
D Democratic Republic Of The Congo
88%
E Equatorial Guinea
88%
G Gabon
88%
L Lesotho
88%
L Libya
88%
M Malawi
88%
M Mali
88%
M Mauritania
88%
M Mauritius
88%
S Seychelles
88%
T Tunisia
88%
Z Zambia
88%
B Botswana
82%
B Burundi
82%
D Djibouti
82%
E Eswatini
82%
G Gambia
82%
M Mozambique
82%
T Tanzania
82%
T Togo
82%
C Central African Republic
76%
C Comoros
76%
S Somalia
76%
S Senegal
71%
S Sierra Leone
71%
S Sao Tome and Principe
65%
C Cabo Verde
24%
No matching quizzes found
Score Distribution
Percent of People with Each Score
Percentile by Number Answered
Your Score History
You have not taken this quiz since the last reset